Concise encyclopedia of sociolinguistics
Αποθηκεύτηκε σε:
| Άλλοι συγγραφείς: | , |
|---|---|
| Μορφή: | Βιβλίο |
| Γλώσσα: | English |
| Δημοσίευση: |
Amsterdam; New York :
Elsevier,
2001
|
| Θέματα: | |
| Ετικέτες: |
Προσθήκη ετικέτας
Δεν υπάρχουν, Καταχωρήστε ετικέτα πρώτοι!
|
MARC
| LEADER | 00000nam a2200000 i 4500 | ||
|---|---|---|---|
| 001 | 1/34704 | ||
| 008 | 060921s2001 eng d | ||
| 020 | |a 0-08-043726-5 (hbk.) | ||
| 035 | |l 10085308 | ||
| 040 | |a GR-MY-UA |b gre |e aacr | ||
| 041 | 0 | |a eng | |
| 082 | 0 | |a 306.4403 |2 (22) | |
| 245 | 1 | 0 | |a Concise encyclopedia of sociolinguistics / |c edited by Rajend Mesthrie ; consulting editor R. E. Asher |
| 260 | |a Amsterdam; New York : |b Elsevier, |c 2001 | ||
| 300 | |a xxvii, 1031 σ.; |c 26 εκ. | ||
| 504 | |a Περιλαμβάνει βιβλιογραφικές αναφορές και ευρετήριο | ||
| 650 | 0 | 0 | |a Sociolinguistics |x Encyclopedias. |
| 650 | 0 | 0 | |a Speech disorders. |
| 700 | 1 | |a Mesthrie, Rajend. |4 edt | |
| 700 | 1 | |a Asher, R. E. |4 edt | |
| 852 | |a INST |b RHODES |e 20060921 |h 306.44003 CON |p 005400024183 |q 005400024183 |t REF |y 23 | ||
| 901 | |a BIBL4-2006-2 | ||
| 909 | |a Ρ |b 129401 | ||
| 920 | |a ΑΝΑΜΟΡΦΩΣΗ |b ΕΠΕΑΕΚ ΙΙ-ΤΜΣ |y ΡΟΔΟΣ |z 2006-08 | ||
| 970 | |a ΚΟΖΑ |b ΜΑΡΙΑ |z 2006/09/21 | ||